Production/operation management/ (Record no. 3111)

MARC details
000 -LEADER
fixed length control field 00540nam a22001937a 4500
003 - CONTROL NUMBER IDENTIFIER
control field URS
005 - DATE AND TIME OF LATEST TRANSACTION
control field 20220114152448.0
008 - FIXED-LENGTH DATA ELEMENTS--GENERAL INFORMATION
fixed length control field 190712s1996 a|||| |||| 00| 0 eng d
020 ## - INTERNATIONAL STANDARD BOOK NUMBER
International Standard Book Number 0256139008
040 ## - CATALOGING SOURCE
Transcribing agency URS
Language of cataloging eng
Modifying agency rda
050 14 - LIBRARY OF CONGRESS CALL NUMBER
Classification number TS 155
Item number .S8471 1996
100 ## - MAIN ENTRY--PERSONAL NAME
Personal name Stevenson,William J.
245 10 - TITLE STATEMENT
Title Production/operation management/
Statement of responsibility, etc. William J. Stevenson
250 ## - EDITION STATEMENT
Edition statement Fith Edition
260 ## - PUBLICATION, DISTRIBUTION, ETC.
Place of publication, distribution, etc. Boston:
Name of publisher, distributor, etc. Erwin McGraw-Hill;
Date of publication, distribution, etc. [996]
300 ## - PHYSICAL DESCRIPTION
Extent 891 pages
Other physical details with illustrations
Dimensions 29 cm
504 ## - BIBLIOGRAPHY, ETC. NOTE
Bibliography, etc. note Includes Index
942 ## - ADDED ENTRY ELEMENTS (KOHA)
Source of classification or shelving scheme Library of Congress Classification
Koha item type Foreign Books
Holdings
Withdrawn status Source of classification or shelving scheme Damaged status Not for loan Collection code Home library Current library Shelving location Date acquired Total Checkouts Full call number Barcode Date last seen Price effective from Koha item type Copy number
  Library of Congress Classification     Non-fiction Cainta College Library Cainta College Library On Display 01/05/2018   TS 155.S8471 1996 URSCAI-135 01/05/2018 01/05/2018 Foreign Books  
  Library of Congress Classification     Non-fiction Pililla College Library Pililla College Library General Stacks 09/19/2016   658.5 S3 1996 URSPIL-2162 07/25/2018 09/19/2016 Foreign Books 1

University of Rizal System
Email us at univlibservices@urs.edu.ph

Visit our Website www.urs.edu.ph/library